Agent-Based Models
Zapisane w:
| 1. autor: | |
|---|---|
| Format: | Książka |
| Język: | angielski |
| Wydane: |
Los Angeles
SAGE Publications
2008
|
| Seria: | Quantitative Applications in the Social Sciences, 153
|
| Hasła przedmiotowe: | |
| Etykiety: |
Dodaj etykietę
Nie ma etykietki, Dołącz pierwszą etykiete!
|
MARC
| LEADER | 00000nam a2200000 a 4500 | ||
|---|---|---|---|
| 001 | UCH7440 | ||
| 003 | CL-VaPUC | ||
| 008 | 091112e20080000US |||||||||||||||||eng|d | ||
| 020 | |a 9781412949644 | ||
| 082 | 0 | 4 | |a 300.1 |b GIL |2 21 |
| 100 | |a Gilbert, Nigel |e author |9 543892 | ||
| 245 | 1 | 0 | |a Agent-Based Models |
| 300 | |a 98 p | ||
| 942 | |c BK | ||
| 945 | |d 20091112 00:00:00 |a dcastane | ||
| 260 | |a Los Angeles |b SAGE Publications |c 2008 | ||
| 650 | 0 | |a Ciencias sociales |9 256351 | |
| 650 | 7 | |a METODOS DE SIMULACION |2 CL-VaPUC |9 260497 | |
| 650 | 0 | |a Interacción social |9 307764 | |
| 650 | 7 | |a SIMULACION DE COMPUTADORES |2 CL-VaPUC |9 531919 | |
| 650 | 0 | |a Modelos matemáticos |9 259437 | |
| 583 | |a last modification |c 20091112 00:00:00 |k Rodrigo Vera | ||
| 490 | 0 | |a Quantitative Applications in the Social Sciences, 153 | |
| 999 | |c 338037 |d 338035 | ||
| 952 | |0 0 |1 0 |4 0 |6 300_100000000000000_GIL_2008 |7 0 |8 A |9 430824 |a BIBING |b BIBING |d 2019-11-22 |i 4617967 |o 300.1 GIL 2008 |p 4617967 |r 2025-01-20 |w 2019-11-22 |y BK |k EII | ||